000 00569nam a2200217Ia 4500
008 191119s9999 xx 000 0 und d
020 _a978-1-84949-957-6
050 _aCUL TX 724.5
050 _b.A1G73 2017
100 _aGranger, Bill.
245 0 _aBill's everyday Asian /
245 0 _cBill Granger; photography by Mikkel Vang.
260 _aLondon :
260 _bQuadrille Publishing,
260 _c2017
300 _a255 pages :
300 _bcolored illustrations ;
300 _c25 cm.
500 _aIncludes index.
650 _aCooking, Asian.
999 _c363123
_d363123